000 00333nam a22001457a 4500
008 230208b ||||| |||| 00| 0 eng d
020 _a9780321977533
041 _aeng
080 _2FIFTH EDITION
_a51
082 _a51GAY
100 _a20
101 _aMATEM
245 _aALGEBRA A COMBINED APPROACH
_cGAY M.E
942 _2udc
_cBK
999 _c59339
_d59339